[Event "Barcelona Sants op-C 23rd"]
[Site "Barcelona"]
[Date "2022.08.24"]
[Round "6"]
[White "Roig Jaen, Ian"]
[Black "Ortiz Padro, Pol"]
[Result "1/2-1/2"]
[WhiteElo "1292"]
[BlackElo "1642"]
[PlyCount "110"]
[EventDate "2022.08.19"]
[EventType "swiss"]
[EventRounds "10"]
[EventCountry "ESP"]
[SourceTitle "EXT 2023"]
[Source "ChessBase"]
[SourceDate "2022.10.05"]
[SourceVersion "1"]
[SourceVersionDate "2022.10.05"]
[SourceQuality "1"]

1. e4 c5 2. c3 d5 3. exd5 Qxd5 4. d4 cxd4 5. Qxd4 Qxd4 6. cxd4 Nc6 7. Bb5 Bd7 8. Nf3 Nb4 9. Bxd7+ Kxd7 10. Na3 Rc8 11. 0-0 f6 12. Bd2 e6 13. Rfc1 Nc6 14. Nc4 Nge7 15. Ne3 Ng6 16. d5 exd5 17. Nxd5 Bd6 18. Bc3 Nge5 19. Nxe5+ Nxe5 20. Bb4 Nd3 21. Rxc8 Rxc8 22. Bc3 Ke6 23. Rd1 Nf4 24. Nxf4+ Bxf4 25. g3 Be5 26. Bxe5 fxe5 27. Rd2 Rc7 28. Kf1 e4 29. Ke2 Rf7 30. Rd4 Ke5 31. Ra4 b6 32. Ke3 Rf3+ 33. Ke2 Rf7 34. Ke3 Rf3+ 35. Ke2 a5 36. b4 axb4 37. Rxb4 Ra3 38. Rxb6 Rxa2+ 39. Ke3 Ra3+ 40. Kd2 Rd3+ 41. Ke2 g6 42. Rb7 h5 43. h4 Kf5 44. Rb5+ Kf6 45. Rb6+ Kf5 46. Rb5+ Ke6 47. Rb6+ Rd6 48. Rb5 Rd5 49. Rb8 Kf5 50. Rf8+ Ke5 51. f3 exf3+ 52. Rxf3 Ke6 53. Ra3 Kf5 54. Kf3 Rc5 55. Rb3 Rd5 1/2-1/2

[Event "Canovelles op"]
[Site "Canovelles"]
[Date "2021.12.28"]
[Round "2"]
[White "Ortiz Padro, Pol"]
[Black "Cruz Estrada, Filemon"]
[Result "0-1"]
[WhiteElo "1804"]
[BlackElo "2310"]
[PlyCount "88"]
[EventDate "2021.12.27"]
[EventType "swiss"]
[EventRounds "7"]
[EventCountry "ESP"]
[SourceTitle "CBM 206 Extra"]
[Source "ChessBase"]
[SourceDate "2022.03.31"]
[SourceVersion "1"]
[SourceVersionDate "2022.03.31"]
[SourceQuality "1"]

1. e4 Nf6 2. e5 Nd5 3. Nc3 Nxc3 4. dxc3 g6 5. Nf3 Bg7 6. Be3 Nc6 7. Bc4 0-0 8. Qd2 Na5 9. Be2 d6 10. 0-0-0 Bg4 11. Bh6 Bxf3 12. gxf3 dxe5 13. Qe3 Bxh6 14. Qxh6 Qc8 15. h4 Qf5 16. h5 Qf4+ 17. Qxf4 exf4 18. Rd7 Rac8 19. hxg6 hxg6 20. Rxe7 Rfe8 21. Rxe8+ Rxe8 22. Bd3 b6 23. Kd2 Nc6 24. Re1 Rxe1 25. Kxe1 Ne5 26. Ke2 f5 27. Bb5 Kf7 28. b4 c6 29. Ba4 Kf6 30. Bb3 Kg5 31. a4 Kh4 32. b5 cxb5 33. axb5 Kg5 34. Bd5 Kf6 35. c4 g5 36. Kf1 Ke7 37. Ke2 Kd6 38. Kd2 Kc5 39. Kc3 g4 40. fxg4 fxg4 41. Kb3 g3 42. fxg3 fxg3 43. Kc3 Nxc4 44. Bg2 Ne3 0-1

[Event "Figueres Region-ch"]
[Site "Figueres	"]
[Date "2021.11.06"]
[Round "6"]
[White "Ortiz Padro, Pol"]
[Black "Fasheh Braud, Ivan Wael"]
[Result "1-0"]
[WhiteElo "1766"]
[BlackElo "1539"]
[PlyCount "111"]
[EventDate "2021.09.25"]
[EventType "swiss"]
[EventRounds "9"]
[EventCountry "ESP"]
[SourceTitle "EXT 2023"]
[Source "ChessBase"]
[SourceDate "2022.10.05"]
[SourceVersion "1"]
[SourceVersionDate "2022.10.05"]
[SourceQuality "1"]

1. e4 c5 2. Nc3 d6 3. g3 Nf6 4. Bg2 Nc6 5. d3 e6 6. f4 Rb8 7. Nf3 Qc7 8. 0-0 Be7 9. h3 0-0 10. g4 Nd7 11. Ne2 f5 12. exf5 e5 13. fxe5 Ndxe5 14. Nxe5 Nxe5 15. Nf4 Bd7 16. Nd5 Qd8 17. Bf4 Bg5 18. Qd2 Bxf4 19. Qxf4 Bc6 20. f6 Bxd5 21. Bxd5+ Kh8 22. fxg7+ Kxg7 23. Qxf8+ Qxf8 24. Rxf8 Rxf8 25. Bxb7 Rb8 26. Bd5 Rxb2 27. Bb3 Nf3+ 28. Kf2 Nd4 29. Ke3 Nxc2+ 30. Bxc2 Rxc2 31. h4 d5 32. a4 d4+ 33. Ke4 Rc3 34. Rb1 Rc2 35. Rb7+ Kg6 36. Rxa7 Rc3 37. a5 Rc2 38. a6 h5 39. gxh5+ Kxh5 40. Rh7+ Kg6 41. Rc7 Kh5 42. a7 Re2+ 43. Kd5 Ra2 44. Kxc5 Kxh4 45. Kxd4 Ra5 46. Ke4 Kg5 47. d4 Kf6 48. Kd3 Ke6 49. Kc4 Kd6 50. Rh7 Kc6 51. d5+ Kd6 52. Rh6+ Kc7 53. Rh8 Ra4+ 54. Kc5 Ra5+ 55. Kd4 Ra4+ 56. Ke5 1-0

[Event "Barcelona Ciutat op-B"]
[Site "Barcelona"]
[Date "2021.08.23"]
[Round "6"]
[White "Pujante Martinez, Rafael"]
[Black "Ortiz Padro, Pol"]
[Result "1/2-1/2"]
[WhiteElo "1889"]
[BlackElo "1824"]
[PlyCount "98"]
[EventDate "2021.08.18"]
[EventType "swiss"]
[EventRounds "9"]
[EventCountry "ESP"]
[SourceTitle "EXT 2022"]
[Source "ChessBase"]
[SourceDate "2021.10.06"]
[SourceVersion "1"]
[SourceVersionDate "2021.10.06"]
[SourceQuality "1"]

1. e4 c5 2. Nf3 e6 3. d4 cxd4 4. Nxd4 Nf6 5. Nc3 Qb6 6. e5 Bc5 7. Be3 Nd5 8. Nxd5 exd5 9. Rb1 Nc6 10. Nf5 Bxe3 11. Nxe3 Qa5+ 12. c3 Nxe5 13. Qxd5 Qxd5 14. Nxd5 0-0 15. Ne7+ Kh8 16. Nxc8 Raxc8 17. f3 Rfe8 18. Kf2 Rcd8 19. Rd1 d5 20. Bb5 Re6 21. Rhe1 Nc6 22. Re2 Rxe2+ 23. Kxe2 Kg8 24. Kd3 Kf8 25. Bxc6 bxc6 26. Kd4 Ke7 27. Kc5 Rd6 28. c4 Ke6 29. b4 Rd8 30. Re1+ Kf6 31. Rd1 Ke6 32. b5 cxb5 33. cxd5+ Kd7 34. Kxb5 Kd6 35. Ka6 Rd7 36. Rb1 Rc7 37. Rb2 Kxd5 38. a4 Kd6 39. a5 Kd7 40. Rb7 Rxb7 41. Kxb7 a6 42. g4 g5 43. h3 h6 44. Kb6 Kd6 45. Kb7 Kd7 46. Kxa6 Kc6 47. Ka7 Kc7 48. Ka8 Kc8 49. Ka7 Kc7 1/2-1/2

[Event "Santa Susanna op 15th"]
[Site "Santa Susanna"]
[Date "2021.08.06"]
[Round "9"]
[White "Parra Bola, Jose Maria"]
[Black "Ortiz Padro, Pol"]
[Result "1-0"]
[WhiteElo "1873"]
[BlackElo "1824"]
[PlyCount "103"]
[EventDate "2021.08.02"]
[EventType "swiss"]
[EventRounds "9"]
[EventCountry "ESP"]
[SourceTitle "EXT 2022"]
[Source "ChessBase"]
[SourceDate "2021.10.06"]
[SourceVersion "1"]
[SourceVersionDate "2021.10.06"]
[SourceQuality "1"]

1. d4 f5 2. c4 e6 3. Nc3 Nf6 4. g3 Bb4 5. a3 Bxc3+ 6. bxc3 Ne4 7. Qc2 b6 8. Bg2 Bb7 9. Nf3 Nc6 10. 0-0 0-0 11. Nd2 Nxd2 12. Bxd2 Na5 13. Bxb7 Nxb7 14. Rab1 Nd6 15. Qd3 Ne4 16. f3 Nxd2 17. Qxd2 Qe7 18. a4 d6 19. Ra1 a5 20. Rab1 Rf6 21. f4 Raf8 22. Rb5 Rh6 23. c5 dxc5 24. dxc5 bxc5 25. Qe3 Ra8 26. Rxc5 Qd6 27. Qd4 Ra6 28. Rb1 Qxd4+ 29. cxd4 c6 30. h4 Rf6 31. Rbc1 e5 32. Rxe5 Rd6 33. e3 Rd5 34. Rxd5 cxd5 35. Rc5 Kf7 36. Rxd5 Kg6 37. Kf2 Rf6 38. Rxa5 Kh5 39. Kf3 g6 40. Rb5 h6 41. e4 Rc6 42. exf5 Rc3+ 43. Ke4 gxf5+ 44. Rxf5+ Kg4 45. Rf6 Kh5 46. g4+ Kxg4 47. Rxh6 Ra3 48. f5 Rxa4 49. f6 Ra8 50. f7 Rf8 51. Rh7 Rb8 52. Rg7+ 1-0

[Event "Santa Susanna op 15th"]
[Site "Santa Susanna"]
[Date "2021.08.03"]
[Round "3"]
[White "Clot Chico, Arnau"]
[Black "Ortiz Padro, Pol"]
[Result "1-0"]
[WhiteElo "2066"]
[BlackElo "1824"]
[PlyCount "57"]
[EventDate "2021.08.02"]
[EventType "swiss"]
[EventRounds "9"]
[EventCountry "ESP"]
[SourceTitle "EXT 2022"]
[Source "ChessBase"]
[SourceDate "2021.10.06"]
[SourceVersion "1"]
[SourceVersionDate "2021.10.06"]
[SourceQuality "1"]

1. e4 c5 2. Nf3 e6 3. Nc3 Nc6 4. Bb5 Nd4 5. Bc4 Ne7 6. Nxd4 cxd4 7. Ne2 Nc6 8. c3 Bc5 9. 0-0 e5 10. Kh1 0-0 11. d3 d6 12. f4 Be6 13. Bb5 Bg4 14. h3 Qh4 15. Qe1 Qxe1 16. Rxe1 Bxe2 17. Rxe2 a6 18. Ba4 g6 19. Bd2 Kg7 20. Rf1 Rae8 21. g4 b5 22. Bb3 f5 23. gxf5 gxf5 24. Rg2+ Kf6 25. fxe5+ Kxe5 26. Bf4+ Kf6 27. Bh6 Ke5 28. Bg7+ Rf6 29. Rxf5# 1-0

[Event "ESP-ch U14"]
[Site "Salobrena"]
[Date "2021.07.16"]
[Round "8"]
[White "Centeno Mendoza, Julio Stefano"]
[Black "Ortiz Padro, Pol"]
[Result "0-1"]
[WhiteElo "2071"]
[BlackElo "1697"]
[PlyCount "94"]
[EventDate "2021.07.12"]
[EventType "swiss"]
[EventRounds "9"]
[EventCountry "ESP"]
[SourceTitle "EXT 2022"]
[Source "ChessBase"]
[SourceDate "2021.10.06"]
[SourceVersion "1"]
[SourceVersionDate "2021.10.06"]
[SourceQuality "1"]

1. e4 c5 2. c3 d5 3. exd5 Qxd5 4. d4 cxd4 5. cxd4 e5 6. dxe5 Qxd1+ 7. Kxd1 Nc6 8. Bf4 Nge7 9. Bb5 Bg4+ 10. f3 0-0-0+ 11. Kc1 Bf5 12. Ne2 Nb4 13. a3 Nc2 14. Ra2 Nd5 15. Bd2 Nce3 16. g4 Be6 17. b3 a6 18. Bd3 Nb4 19. axb4 Rxd3 20. Nbc3 Bxb3 21. Rb2 Nc4 22. Rxb3 Nxd2 23. Kc2 Rd7 24. f4 Nxb3 25. Kxb3 Be7 26. f5 Rhd8 27. Rf1 Bf8 28. e6 fxe6 29. fxe6 Rd6 30. Nf4 g5 31. Nfd5 Rxe6 32. Rf7 Red6 33. Na4 Kb8 34. Ndb6 Ka7 35. Nc4 R6d7 36. Ne5 Rxf7 37. Nxf7 Rd4 38. Nc3 Rxb4+ 39. Ka2 Rxg4 40. h3 Rg3 41. Ne4 Rxh3 42. Nfxg5 Rh2+ 43. Kb1 h6 44. Nf3 Re2 45. Ned2 h5 46. Nb3 Re3 47. Nbd4 Bg7 0-1

[Event "ESP-ch U14"]
[Site "Salobrena"]
[Date "2021.07.15"]
[Round "6"]
[White "Iravedra Ainkov, Francisco"]
[Black "Ortiz Padro, Pol"]
[Result "0-1"]
[WhiteElo "1441"]
[BlackElo "1697"]
[PlyCount "98"]
[EventDate "2021.07.12"]
[EventType "swiss"]
[EventRounds "9"]
[EventCountry "ESP"]
[SourceTitle "EXT 2022"]
[Source "ChessBase"]
[SourceDate "2021.10.06"]
[SourceVersion "1"]
[SourceVersionDate "2021.10.06"]
[SourceQuality "1"]

1. e4 c5 2. c3 g6 3. d4 cxd4 4. cxd4 d5 5. e5 Bg7 6. Nc3 Nc6 7. Bb5 a6 8. Ba4 b5 9. Bb3 e6 10. Nge2 Nge7 11. Ng3 0-0 12. 0-0 f6 13. exf6 Bxf6 14. Be3 Na5 15. Bc2 Nc4 16. Bh6 Bg7 17. Bxg7 Kxg7 18. b3 Nd6 19. Qe2 Nc6 20. Rad1 Qf6 21. Qe3 Bb7 22. Rfe1 Rae8 23. Rd2 b4 24. Nce2 e5 25. Rf1 exd4 26. Qd3 Ne4 27. f3 Nxg3 28. Nxg3 Qh4 29. Re2 Ne5 30. Qd2 a5 31. Rfe1 d3 32. Bxd3 Qd4+ 33. Kf1 Ng4 34. Re7+ Kg8 35. R1e4 dxe4 36. Bc4+ Qxc4+ 37. bxc4 Rxe7 38. Qg5 Nf6 39. f4 e3 40. f5 Ba6 41. Ke1 Rg7 42. Qf4 g5 43. Qd4 Rd7 44. Qc5 Rfd8 45. Qc6 Rd6 46. Qc5 Rd1+ 47. Ke2 R1d2+ 48. Ke1 e2 49. Nxe2 Rd1+ 0-1

[Event "ESP-ch U14"]
[Site "Salobrena"]
[Date "2021.07.13"]
[Round "3"]
[White "Borisova Douchkova, Vanesa"]
[Black "Ortiz Padro, Pol"]
[Result "0-1"]
[WhiteElo "1477"]
[BlackElo "1697"]
[PlyCount "108"]
[EventDate "2021.07.12"]
[EventType "swiss"]
[EventRounds "9"]
[EventCountry "ESP"]
[SourceTitle "EXT 2022"]
[Source "ChessBase"]
[SourceDate "2021.10.06"]
[SourceVersion "1"]
[SourceVersionDate "2021.10.06"]
[SourceQuality "1"]

1. d4 Nf6 2. Bg5 g6 3. Bxf6 exf6 4. Nf3 Bg7 5. e3 0-0 6. Be2 f5 7. 0-0 c5 8. c3 d6 9. dxc5 dxc5 10. Qxd8 Rxd8 11. Na3 Nc6 12. Rad1 Be6 13. Bc4 Bxc4 14. Nxc4 Rxd1 15. Rxd1 Rd8 16. Rxd8+ Nxd8 17. Ne1 Kf8 18. Kf1 Ke7 19. Nd3 b6 20. Ke2 Nc6 21. a3 g5 22. Nd2 Ke6 23. c4 h6 24. h3 Ne5 25. Nxe5 Bxe5 26. b3 f4 27. Nf3 fxe3 28. Kxe3 f5 29. g3 Bb2 30. a4 Be5 31. h4 Bf6 32. hxg5 hxg5 33. Ke2 g4 34. Nd2 Ke5 35. Kd3 f4 36. Ne4 fxg3 37. fxg3 Be7 38. Nf2 Kf5 39. Ke3 Bd6 40. Nh1 Be5 41. Kd3 Bd4 42. Kd2 Ke4 43. Ke2 a6 44. Nf2+ Bxf2 45. Kxf2 Kd3 46. Kg2 Ke2 47. Kg1 Kf3 48. Kh2 Kf2 49. Kh1 Kxg3 50. Kg1 Kf3 51. Kf1 g3 52. Kg1 g2 53. b4 cxb4 54. a5 b3 0-1

[Event "Foment Martinenc-B 2nd"]
[Site "Barcelona"]
[Date "2021.06.13"]
[Round "6"]
[White "Villa Tornero, Alex"]
[Black "Ortiz Padro, Pol"]
[Result "1/2-1/2"]
[WhiteElo "1793"]
[BlackElo "1635"]
[PlyCount "85"]
[EventDate "2021.06.11"]
[EventType "tourn"]
[EventRounds "7"]
[EventCountry "ESP"]
[SourceTitle "EXT 2022"]
[Source "ChessBase"]
[SourceDate "2021.10.06"]
[SourceVersion "1"]
[SourceVersionDate "2021.10.06"]
[SourceQuality "1"]

1. e4 c5 2. Nf3 e6 3. d4 cxd4 4. Nxd4 Nf6 5. Nc3 Qb6 6. Be2 Bc5 7. Be3 Nc6 8. Ndb5 0-0 9. Bxc5 Qxc5 10. 0-0 a6 11. Na4 Qe5 12. Nb6 Rb8 13. Nd6 Nxe4 14. Ndxc8 Qc7 15. Qxd7 Rfxc8 16. Qxc7 Rxc7 17. c3 Ne5 18. f4 Nd7 19. Nxd7 Rxd7 20. Rfd1 Rbd8 21. Rxd7 Rxd7 22. Rd1 Rxd1+ 23. Bxd1 Kf8 24. Bf3 Nd6 25. Kf2 Ke7 26. Ke2 b6 27. Kd3 Nf5 28. Bb7 a5 29. Be4 Nd6 30. Bf3 Nf5 31. b4 axb4 32. cxb4 Kd6 33. Kc4 Kc7 34. Kb5 Nd4+ 35. Kc4 Nxf3 36. gxf3 Kc6 37. b5+ Kc7 38. h4 g6 39. Kd4 f6 40. Ke4 Kd6 41. Kd4 Kc7 42. Ke4 Kd6 43. Kd4 1/2-1/2

[Event "Girona Tardor op 4th"]
[Site "Girona"]
[Date "2020.09.24"]
[Round "4"]
[White "Ortiz Padro, Pol"]
[Black "Tarrago Compte, Carina"]
[Result "1-0"]
[WhiteElo "1700"]
[BlackElo "1477"]
[PlyCount "22"]
[EventDate "2020.09.15"]
[EventType "swiss"]
[EventRounds "8"]
[EventCountry "ESP"]
[SourceTitle "EXT 2022"]
[Source "ChessBase"]
[SourceDate "2021.10.06"]
[SourceVersion "1"]
[SourceVersionDate "2021.10.06"]
[SourceQuality "1"]

1. e4 e5 2. Nf3 Nc6 3. d4 Nf6 4. dxe5 Nxe4 5. Bc4 h6 6. Qd5 Qe7 7. Qxe4 Qb4+ 8. Nc3 Bc5 9. 0-0 0-0 10. Nd5 Qa5 11. Nf6+ Kh8 1-0

[Event "Girona Tardor op 4th"]
[Site "Girona"]
[Date "2020.09.15"]
[Round "1"]
[White "Pales Pi, Marta"]
[Black "Ortiz Padro, Pol"]
[Result "0-1"]
[WhiteElo "1375"]
[BlackElo "1700"]
[PlyCount "72"]
[EventDate "2020.09.15"]
[EventType "swiss"]
[EventRounds "8"]
[EventCountry "ESP"]
[SourceTitle "EXT 2022"]
[Source "ChessBase"]
[SourceDate "2021.10.06"]
[SourceVersion "1"]
[SourceVersionDate "2021.10.06"]
[SourceQuality "1"]

1. e4 c5 2. Nf3 a6 3. Nc3 Nc6 4. d4 cxd4 5. Nxd4 d6 6. Nxc6 bxc6 7. Bc4 Nf6 8. 0-0 g6 9. Bb3 Bg7 10. Qd3 0-0 11. Na4 c5 12. c4 Bb7 13. Nc3 Nd7 14. Ne2 Ne5 15. Qc2 Nc6 16. Bd2 Nd4 17. Nxd4 cxd4 18. Qd3 e5 19. Rac1 Rc8 20. a4 Kh8 21. a5 Qh4 22. f3 f5 23. Bc2 fxe4 24. fxe4 Bh6 25. g3 Qh3 26. Bxh6 Qxh6 27. Rfe1 Qh5 28. Kg2 Rf7 29. Bd1 Qh6 30. Bf3 Rcf8 31. Rf1 Bc8 32. Rc2 Bh3+ 33. Kg1 Bxf1 34. Qxf1 Rxf3 35. Qg2 Qe3+ 36. Rf2 Rxf2 0-1

[Event "ESP-ch U12"]
[Site "Salobrena"]
[Date "2020.08.01"]
[Round "9"]
[White "Dominguez Conde, Hugo"]
[Black "Ortiz Padro, Pol"]
[Result "0-1"]
[WhiteElo "1455"]
[BlackElo "1794"]
[PlyCount "62"]
[EventDate "2020.07.27"]
[EventType "swiss"]
[EventRounds "9"]
[EventCountry "ESP"]
[SourceTitle "EXT 2021"]
[Source "ChessBase"]
[SourceDate "2020.10.23"]
[SourceVersion "1"]
[SourceVersionDate "2020.10.23"]
[SourceQuality "1"]

1. c4 Nf6 2. g3 g6 3. Bg2 Bg7 4. Nc3 0-0 5. Nf3 d6 6. 0-0 e5 7. d3 Nc6 8. Bg5 h6 9. Bxf6 Bxf6 10. Qd2 Bg7 11. Nd5 f5 12. e3 Ne7 13. Nxe7+ Qxe7 14. Nh4 Kh7 15. e4 f4 16. Nf3 c5 17. Ne1 g5 18. Nc2 h5 19. f3 Bd7 20. b4 Rf7 21. b5 Raf8 22. a4 g4 23. fxg4 Bxg4 24. gxf4 exf4 25. h3 Bxa1 26. hxg4 Be5 27. gxh5 f3 28. Bxf3 Rxf3 29. Rxf3 Rxf3 30. Ne1 Qg7+ 31. Ng2 Bd4+ 0-1

[Event "ESP-ch U12"]
[Site "Salobrena"]
[Date "2020.07.27"]
[Round "1"]
[White "Morales Anadon, Tomas"]
[Black "Ortiz Padro, Pol"]
[Result "0-1"]
[WhiteElo "1306"]
[BlackElo "1794"]
[PlyCount "48"]
[EventDate "2020.07.27"]
[EventType "swiss"]
[EventRounds "9"]
[EventCountry "ESP"]
[SourceTitle "EXT 2021"]
[Source "ChessBase"]
[SourceDate "2020.10.23"]
[SourceVersion "1"]
[SourceVersionDate "2020.10.23"]
[SourceQuality "1"]

1. d4 f5 2. h3 Nf6 3. g4 d6 4. gxf5 Bxf5 5. Bg2 c6 6. Nc3 d5 7. f3 e6 8. Bg5 Qc7 9. Bh4 Be7 10. Qd2 Nbd7 11. 0-0-0 0-0-0 12. Bxf6 Nxf6 13. e4 dxe4 14. fxe4 Bg6 15. d5 exd5 16. exd5 cxd5 17. Bxd5 Nxd5 18. Nxd5 Rxd5 19. Qe2 Bg5+ 20. Kb1 Rxd1+ 21. Qxd1 Rd8 22. Qe2 Rd2 23. Qe6+ Kb8 24. Qg8+ Rd8 0-1

[Event "Barcelona Tres Peons op 22nd"]
[Site "Barcelona"]
[Date "2020.02.05"]
[Round "5"]
[White "Ortiz Padro, Pol"]
[Black "Carrey Abellan, Enric"]
[Result "0-1"]
[WhiteElo "1757"]
[BlackElo "1753"]
[PlyCount "58"]
[EventDate "2020.01.08"]
[EventType "swiss"]
[EventRounds "9"]
[EventCountry "ESP"]
[SourceTitle "CBM 195 Extra"]
[Source "ChessBase"]
[SourceDate "2020.05.31"]
[SourceVersion "1"]
[SourceVersionDate "2020.05.31"]
[SourceQuality "1"]

1. e4 c5 2. Nc3 e6 3. g3 a6 4. Bg2 Nc6 5. d3 b5 6. Be3 Bb7 7. f4 d6 8. Nf3 Nf6 9. h3 Be7 10. 0-0 0-0 11. Qd2 Rc8 12. Kh2 c4 13. d4 b4 14. Ne2 Nxe4 15. Qe1 d5 16. Nd2 Nf6 17. c3 a5 18. Qf2 Qc7 19. a3 Bd6 20. Kh1 Rb8 21. g4 Qe7 22. g5 Nd7 23. axb4 axb4 24. h4 f6 25. f5 Nd8 26. gxf6 Nxf6 27. fxe6 Nxe6 28. Qg1 Ng4 29. Nf3 Nc7 0-1

[Event "Benidorm Next Generation U12/U14 15th"]
[Site "Benidorm"]
[Date "2019.12.01"]
[Round "4.2"]
[White "Ayucar Nunez, Inigo"]
[Black "Ortiz Padro, Pol"]
[Result "1-0"]
[WhiteElo "1467"]
[BlackElo "1739"]
[PlyCount "48"]
[EventDate "2019.11.29"]
[EventType "swiss"]
[EventRounds "6"]
[EventCountry "ESP"]
[SourceTitle "EXT 2024"]
[Source "ChessBase"]
[SourceDate "2023.10.10"]
[SourceVersion "1"]
[SourceVersionDate "2023.10.10"]
[SourceQuality "1"]

1. e4 d5 2. exd5 Qxd5 3. Nc3 Qa5 4. Bc4 Nf6 5. Nge2 Nc6 6. 0-0 Bg4 7. d4 0-0-0 8. Be3 e5 9. f3 Bf5 10. Bb5 exd4 11. Bxc6 bxc6 12. Nxd4 Bc5 13. Nce2 Bxd4 14. Nxd4 Rd6 15. Qe2 Re8 16. Qf2 Qe5 17. c3 Bd3 18. Rfe1 Qh5 19. Bf4 Rd5 20. Rxe8+ Nxe8 21. Nxc6 Kb7 22. Nb4 Rd7 23. Qe3 Bb5 24. Qe4+ Kb6 1-0

[Event "Sant Andreu Tram-C"]
[Site "Barcelona"]
[Date "2019.10.26"]
[Round "6.1"]
[White "Lobo Pereira, Arami"]
[Black "Ortiz Padro, Pol"]
[Result "0-1"]
[WhiteElo "1542"]
[BlackElo "1551"]
[PlyCount "58"]
[EventDate "2019.09.14"]
[EventType "tourn"]
[EventRounds "9"]
[EventCountry "ESP"]
[SourceTitle "EXT 2024"]
[Source "ChessBase"]
[SourceDate "2023.10.10"]
[SourceVersion "1"]
[SourceVersionDate "2023.10.10"]
[SourceQuality "1"]

1. Nf3 Nf6 2. d4 g6 3. c4 Bg7 4. Nc3 0-0 5. e4 d6 6. h3 Nbd7 7. Be3 e5 8. d5 Nc5 9. Nd2 a5 10. Be2 b6 11. g4 Bb7 12. Qc2 c6 13. 0-0-0 cxd5 14. exd5 Qe7 15. g5 Nfd7 16. Nde4 Nxe4 17. Nxe4 Nc5 18. Nxc5 bxc5 19. h4 Rfb8 20. Qe4 Bc8 21. Bg4 Bxg4 22. Qxg4 e4 23. Rd2 a4 24. h5 a3 25. bxa3 Qe5 26. Bd4 cxd4 27. f4 Qe7 28. hxg6 Qb7 29. gxf7+ Kf8 0-1

[Event "Sant Andreu Tram-C"]
[Site "Barcelona"]
[Date "2019.10.19"]
[Round "5.5"]
[White "Torres Teruel, Joan"]
[Black "Ortiz Padro, Pol"]
[Result "0-1"]
[WhiteElo "1521"]
[BlackElo "1551"]
[PlyCount "54"]
[EventDate "2019.09.14"]
[EventType "tourn"]
[EventRounds "9"]
[EventCountry "ESP"]
[SourceTitle "EXT 2024"]
[Source "ChessBase"]
[SourceDate "2023.10.10"]
[SourceVersion "1"]
[SourceVersionDate "2023.10.10"]
[SourceQuality "1"]

1. Nf3 f5 2. c4 Nf6 3. d4 e6 4. Nc3 Bb4 5. Bd2 d6 6. Qa4+ Nc6 7. d5 exd5 8. cxd5 Bxc3 9. Bxc3 Nxd5 10. Bxg7 Rg8 11. Bd4 Be6 12. Qb5 a6 13. Qb3 Qd7 14. Qxb7 Rb8 15. Qxa6 Ncb4 16. Qa7 Ke7 17. Rc1 Ra8 18. Bf6+ Nxf6 19. Qxc7 Qxc7 20. Rxc7+ Bd7 21. a3 Nbd5 22. Rb7 Rgb8 23. Rxb8 Rxb8 24. b4 Ra8 25. e3 Rxa3 26. b5 Nc3 27. b6 Nfe4 0-1

[Event "Sant Andreu Tram-C"]
[Site "Barcelona"]
[Date "2019.10.05"]
[Round "3.4"]
[White "Marabajan Navas, Saul"]
[Black "Ortiz Padro, Pol"]
[Result "0-1"]
[WhiteElo "1658"]
[BlackElo "1551"]
[PlyCount "78"]
[EventDate "2019.09.14"]
[EventType "tourn"]
[EventRounds "9"]
[EventCountry "ESP"]
[SourceTitle "EXT 2024"]
[Source "ChessBase"]
[SourceDate "2023.10.10"]
[SourceVersion "1"]
[SourceVersionDate "2023.10.10"]
[SourceQuality "1"]

1. Nf3 Nf6 2. c4 g6 3. Nc3 Bg7 4. e4 d6 5. d4 0-0 6. g3 a6 7. a4 Bg4 8. Bg2 Nc6 9. a5 e5 10. d5 Nd4 11. h3 Bxf3 12. Bxf3 Nxf3+ 13. Qxf3 Nd7 14. Qe2 Nc5 15. Qc2 f5 16. b4 Nd7 17. 0-0 f4 18. Bd2 b6 19. Ne2 f3 20. Nc1 bxa5 21. Rxa5 Nb6 22. c5 Qc8 23. Kh2 Nd7 24. Ra3 Rf7 25. cxd6 cxd6 26. Qxc8+ Rxc8 27. Rxa6 Nf6 28. Re1 Rc2 29. Nb3 Rb2 30. Ra3 Rc7 31. g4 Rcc2 32. Kg3 Nd7 33. Kxf3 Nb6 34. Be3 Nc4 35. Ra8+ Kf7 36. Ra7+ Kg8 37. Na5 Nxe3 38. fxe3 Rf2+ 39. Kg3 Rg2+ 0-1

[Event "EU-ch U12"]
[Site "Bratislava"]
[Date "2019.08.04"]
[Round "3"]
[White "Guia, Artur Solovyov Eloy"]
[Black "Ortiz Padro, Pol"]
[Result "1/2-1/2"]
[WhiteElo "1808"]
[BlackElo "1592"]
[PlyCount "114"]
[EventDate "2019.08.02"]
[EventType "swiss"]
[EventRounds "9"]
[EventCountry "SVK"]
[SourceTitle "EXT 2020"]
[Source "ChessBase"]
[SourceDate "2019.10.17"]
[SourceVersion "1"]
[SourceVersionDate "2019.10.17"]
[SourceQuality "1"]

1. d4 f5 2. Nc3 Nf6 3. Bf4 e6 4. Qd2 b6 5. d5 exd5 6. Nxd5 d6 7. Qe3+ Kf7 8. Bg5 Be7 9. Nxe7 Qxe7 10. Qxe7+ Kxe7 11. Nf3 h6 12. Bxf6+ Kxf6 13. Nd4 Bb7 14. 0-0-0 Nc6 15. Nb5 Rac8 16. e3 a6 17. Nc3 Ne5 18. Nd5+ Ke6 19. Nf4+ Kf6 20. Nh5+ Kf7 21. Ng3 Kf6 22. h3 g6 23. Rg1 Rhe8 24. Ne2 Nd7 25. Nf4 g5 26. Nd5+ Kg6 27. Be2 Nf6 28. Nxf6 Kxf6 29. Bh5 Re7 30. g3 Rg8 31. Be2 g4 32. h4 h5 33. Bc4 Rd8 34. Rd4 Re4 35. Rgd1 Rde8 36. a3 Rxd4 37. Rxd4 Re4 38. Rxe4 fxe4 39. Kd2 d5 40. Be2 Ke5 41. Kc3 Bc8 42. a4 c6 43. Kb4 Kd6 44. c4 a5+ 45. Kc3 Bd7 46. cxd5 cxd5 47. b3 Kc5 48. Ba6 Be8 49. Bc8 Bf7 50. Bd7 Bg6 51. Be6 Be8 52. Bf5 Bf7 53. Bc8 Be8 54. Be6 Bg6 55. Bc8 Be8 56. Bf5 Bf7 57. Bd7 Bg6 1/2-1/2

[Event "EU-ch U12"]
[Site "Bratislava"]
[Date "2019.08.02"]
[Round "1"]
[White "Soderstrom, Adrian"]
[Black "Ortiz Padro, Pol"]
[Result "1-0"]
[WhiteElo "1970"]
[BlackElo "1592"]
[PlyCount "87"]
[EventDate "2019.08.02"]
[EventType "swiss"]
[EventRounds "9"]
[EventCountry "SVK"]
[SourceTitle "EXT 2020"]
[Source "ChessBase"]
[SourceDate "2019.10.17"]
[SourceVersion "1"]
[SourceVersionDate "2019.10.17"]
[SourceQuality "1"]

1. d4 f5 2. Bg5 h6 3. Bh4 c5 4. e3 Qb6 5. Nc3 cxd4 6. exd4 Qe6+ 7. Be2 g5 8. Nf3 gxh4 9. Ne5 Nf6 10. Nb5 Kd8 11. 0-0 Nc6 12. Bc4 d5 13. Re1 Qg8 14. Qf3 Ne4 15. Qf4 Nxe5 16. Qxe5 dxc4 17. Qc7+ Ke8 18. f3 a6 19. Na7 Nd6 20. Qxd6 h3 21. g3 Rxa7 22. Qb8 Qd5 23. Qxc8+ Kf7 24. c3 b6 25. Re5 Qd7 26. Qxc4+ Kg7 27. Rae1 Qc7 28. Qe6 Qd7 29. Qc4 b5 30. Qd3 f4 31. Re6 Kg8 32. Qf5 fxg3 33. hxg3 Bg7 34. Qxh3 Rh7 35. Qg4 Kh8 36. Qf4 Bf6 37. Kg2 Qc7 38. Qf5 Rg7 39. f4 Kg8 40. Rxf6 Qb7+ 41. d5 Ra8 42. Qe6+ Kh8 43. Rxh6+ Rh7 44. Reh1 1-0